LEADER 01050nam a2200265 i 4500 001 991000491389707536 005 20230706084853.0 008 970703s1980 it 001 0 ita 020 $a8820418045 035 $ab10085397-39ule_inst 035 $aLE02517015 040 $aFac. Economia$bita 082 04$a658.8 100 1 $aBerruti, Giuseppe Maria$0230409 245 12$aI discount :$b[tipi, assortimento, approvvigionamento, layout, display, politiche dei prezzi, organizzazione del lavoro, pubblicità] /$cGiuseppe Berruti 260 $aMilano :$bAngeli,$cc1980 300 $a109 p., [4] p. di tav. :$bill. ;$c22 cm 490 1 $aFormazione permanente.$aSez. 2, Nuove tecniche ;$v22 650 4$aVendita a prezzo scontato 907 $a.b10085397$b14-12-18$c27-06-02 912 $a991000491389707536 945 $aLE025 ECO 658.8 BER06.01$g1$i2025000047440$lle025$nCatalogato 2018$o-$pE0.00$q-$rl$s-$t0$u3$v0$w3$x0$y.i10098513$z27-06-02 996 $aDiscount$9196187 997 $aUNISALENTO 998 $ale025$b01-01-97$cm$da$e-$fita$git$h2$i1 LEADER 01607nam 2200433 450 001 9910830929303321 005 20170919115901.0 010 $a1-118-92985-3 010 $a1-118-92986-1 010 $a1-119-11313-X 035 $a(CKB)4100000000981055 035 $a(MiAaPQ)EBC5123350 035 $a(PPN)245324798 035 $a(EXLCZ)994100000000981055 100 $a20171205h20182018 uy 0 101 0 $aeng 135 $aurcnu|||||||| 181 $2rdacontent 182 $2rdamedia 183 $2rdacarrier 200 10$aIntroduction to impact dynamics /$fT.X. Yu, Prof. Xinming Qiu 210 1$aHoboken, New Jersey ;$aSouth Tower, Singapore :$cWiley,$d2018. 210 4$d©2018 215 $a1 online resource (383 pages) $cillustrations 311 $a1-118-92984-5 320 $aIncludes bibliographical references and index. 327 $aElastic waves -- Elastic-plastic waves -- Rate dependent behaviors of materials -- Constitutive equations at high strain-rates -- Inertia effects and plastic hinges -- Dynamic response of cantilevers -- Effects of tensile and shear forces -- Mode technique, bound theorems and applicability of RPP model -- Response of rigid plastic plates -- Case studies. 606 $aMaterials$xDynamic testing 615 0$aMaterials$xDynamic testing. 676 $a620.1125 700 $aYu$b T. X$g(Tongxi),$f1941-$01604361 702 $aQiu$b Xinming 801 0$bMiAaPQ 801 1$bMiAaPQ 801 2$bMiAaPQ 906 $aBOOK 912 $a9910830929303321 996 $aIntroduction to impact dynamics$93982482 997 $aUNINA